MARC

LEADER 00000nam0a2200000 4500
001 287045
005 20231101235942.0
020 |a RU  |b 85-65604 
035 |a (RuTPU)RU\TPU\book\311415 
090 |a 287045 
100 |a 20150312d1985 k y0rusy5003 ca 
101 0 |a rus 
102 |a RU 
105 |a a z 001zy 
200 1 |a Усиление и реконструкция фундаментов  |f В. Б. Швец, В. И. Феклин, Л. К. Гинзбург 
210 |a Москва  |c Стройиздат  |d 1985 
215 |a 203 с.  |c ил. 
225 1 |a Надежность и качество 
320 |a Библиогр.: с. 198-202 
606 |a Основания и фундаменты  |x Усиление  |2 stltpush  |3 (RuTPU)RU\TPU\subj\47579  |9 66501 
610 1 |a обследование 
610 1 |a реконструкция 
610 1 |a усиление 
610 1 |a устойчивость 
610 1 |a переустройство 
675 |a 69.059.32  |z rus  |v 3 
700 1 |a Швец  |b В. Б.  |g Виктор Борисович 
701 1 |a Феклин  |b В. И.  |g Валентин Иванович 
701 1 |a Гинзбург  |b Л. К.  |g Леонид Константинович 
801 0 |a RU  |b RuMRKP  |c 19950704  |g psbo 
801 1 |a RU  |b 63413507  |c 20150312 
801 2 |a RU  |b 63413507  |c 20171122  |g RCR 
942 |c BK